Logo BPK

Biblioteka

Politechniki Koszalińskiej

Prawo konstytucyjne i administracyjne : (Rekord nr 36409)

Szczegóły MARC
000 -ETYKIETA REKORDU
podpole kontrolne o stałej długości 00692nam a2200205 i 4500
001 - NUMER KONTROLNY REKORDU
pole kontrolne bg
040 ## - ŹRÓDŁO KATALOGOWANIA
Instytucja, która utworzyła rekord BPK
041 0# - KOD JĘZYKA
Kod języka tekstu pl
080 ## - UNIWERSALNA KLASYFIKACJA DZIESIĘTNA - UKD
UKD 342(438)(094.4)
008 - POLE O STAŁEJ DŁUGOŚCI - DANE KONTROLNE
podpole kontrolne o stałej długości s pl f |000 0 pol
100 1# - NAZWA OSOBOWA
Nazwa osobowa BOŻYK, Stanisław
Daty związane z nazwą (1951- )
245 10 - TYTUŁ/ODPOWIEDZIALNOŚĆ
Tytuł Prawo konstytucyjne i administracyjne :
Ciąg dalszy tytułu podstawowe akty normatywne /
Pozostałe elementy strefy tytułu i oznaczenia odpowiedzialności Stanisław Bożyk, Jarosław Matwiejuk.
250 ## - STREFA WYDANIA
Oznaczenie wydania Stan prawny na dzień 1 października 1999 r.
260 ## - STREFA ADRESU WYDAWNICZEGO
Miejsce wydania Białystok :
Nazwa wydawcy/dystrybutora "Temida 2",
Data publikacji, dystrybucji/powstania dokumentu 1999.
300 ## - STREFA OPISU FIZYCZNEGO
Objętość 506, [1] s. ;
Rozmiary 30 cm.
650 #9 - HASŁO PRZEDMIOTOWE W FORMIE NAZWY OGÓLNEJ LUB JEDNOSTKOWEJ
Nazwa ogólna lub geograficzna Prawo administracyjne
Określnik geograficzny Polska
Określnik chronologiczny stan na 1999 r.
650 #9 - HASŁO PRZEDMIOTOWE W FORMIE NAZWY OGÓLNEJ LUB JEDNOSTKOWEJ
Nazwa ogólna lub geograficzna Prawo państwowe
Określnik geograficzny Polska
Określnik chronologiczny stan na 1999 r.
700 1# - HASŁO DODATKOWE - NAZWA OSOBOWA
Nazwa osobowa MATWIEJUK, Jarosław
856 ## - LOKALIZACJA I DOSTĘP DO ELEKTRONICZNYCH DOKUMENTÓW ZDALNYCH
Link (URL) http://koha.tu.koszalin.pl/cgi-bin/koha/opac-detail.pl?biblionumber=36409
Tekst linku Katalog online BPK
942 ## - DODATKOWE ELEMENTY (KOHA)
Typ dokumentu Książka
Egzemplarze
Wycofany Status egzemplarza Uszkodzony Dostępność Lokalizacja stała Lokalizacja bieżąca Miejsce przechowywania Sygnatura Kod kreskowy Dział Typ dokumentu
      Tylko na miejscu Biblioteka Politechniki Koszalińskiej Biblioteka Politechniki Koszalińskiej Czytelnia Wydziałowa ul. Kwiatkowskiego 6e 50767 01455861 342 Prawo konstytucyjne. Prawo administracyjne Książka
© 2023 Biblioteka Politechniki Koszalińskiej :: KOHA